Chemistry of biotite as a guide to the nature of magmas, Hajja granitoid complex. Yemen Republic

Biotites separated from Hajja granatic rocks, Yemen Republic, have been examined. The chemical data of 14 analysed biotites show that the biotites are ferrous iron varieties. The behaviour of major elements in the examined biotites discussed according to different variation diagrams and elemental ra...

Teljes leírás

Elmentve itt :
Bibliográfiai részletek
Szerzők: El-Nashar El-Said Ramadan
Kabesh Mahmoud Lofty
Dokumentumtípus: Cikk
Megjelent: University of Szeged, Department of Mineralogy, Geochemistry and Petrology Szeged 1995
Sorozat:Acta mineralogica-petrographica 36
Kulcsszavak:Kőzettan, Ásványtan, Földtan
Tárgyszavak:
Online Access:http://acta.bibl.u-szeged.hu/24822
LEADER 01929nab a2200229 i 4500
001 acta24822
005 20220727110845.0
008 161017s1995 hu o 0|| eng d
022 |a 0365-8066 
040 |a SZTE Egyetemi Kiadványok Repozitórium  |b hun 
041 |a eng 
100 2 |a El-Nashar El-Said Ramadan 
245 1 0 |a Chemistry of biotite as a guide to the nature of magmas, Hajja granitoid complex. Yemen Republic  |h [elektronikus dokumentum] /  |c  El-Nashar El-Said Ramadan 
260 |a University of Szeged, Department of Mineralogy, Geochemistry and Petrology  |b Szeged  |c 1995 
300 |a 35-54 
490 0 |a Acta mineralogica-petrographica  |v 36 
520 3 |a Biotites separated from Hajja granatic rocks, Yemen Republic, have been examined. The chemical data of 14 analysed biotites show that the biotites are ferrous iron varieties. The behaviour of major elements in the examined biotites discussed according to different variation diagrams and elemental ratios. The significance of Fe(1) (Fe(1,+Mg) ratio as a relative measure of biotite crystallization suggests that the biotites may be formed under a temperature range of 815'-950"C. In the present study since Fe shows little variation with A1 in biotites in both calc-alkaline and peralumios magmas, the substitution 2A1 -» 3Fe2 * does not play an important role during the crystallization of biotites in these two types. On the other hand the substitution 3Mg -> 2A1 is vital. The contrasting behaviour of Fe and Mg with respect to A1 during the crystallization of biotites is partly governed by the various physicochemical conditions including the behaviour of volatiles in these magmas. 
650 4 |a Természettudományok 
650 4 |a Föld- és kapcsolódó környezettudományok 
695 |a Kőzettan, Ásványtan, Földtan 
700 0 1 |a Kabesh Mahmoud Lofty  |e aut 
856 4 0 |u http://acta.bibl.u-szeged.hu/24822/1/mineralogica_036_035-054.pdf  |z Dokumentum-elérés